| 000 | 00769nam a2200241 a 4500 | ||
|---|---|---|---|
| 999 |
_c3207 _d3207 |
||
| 001 | 3207 | ||
| 003 | BD-JhCC | ||
| 005 | 20171112104719.0 | ||
| 008 | 171111s1985 bg |||| ||a| 000 0 ben d | ||
| 035 | _a(BD-JhCC) 3207 | ||
| 040 |
_aBD-JhCC _dBD-JhCC |
||
| 041 | _aben | ||
| 082 |
_a378 _bHAQ 1985 |
||
| 100 | _aহক, শামসুল | ||
| 245 |
_aউচ্চশাক্ষা : বাংলাদেশ / _cশামসুল হক |
||
| 260 |
_aঢাকা : _bবাংলা একাডেমী ঢাকা , _c1985 |
||
| 300 |
_a100 p .; _c18 cm . |
||
| 490 | _aSeries in honour of the Martyrs of the Language Movement of February 1952. | ||
| 504 | _aIncludes Bibliography. | ||
| 650 | _aHigher Education | ||
| 942 |
_2ddc _cBK |
||